Responses for Show #2548 - Wednesday, October 4, 1995

Gordon Wean game 4.

Contestants

[<< previous game]

John Stiles, a graduate student originally from Schenectady, New York

Madeleine Brown, a foreign service officer from Washington, D.C.

Gordon Wean, a teacher from Cleveland Heights, Ohio (whose 3-day cash winnings total $40,300)

[next game >>]

Jeopardy! Round responses

GEOLOGY
THE 1994 OSCARS
FOOD & DRINK
PROFESSORS
IRELAND
TAKE IN ORDER
(Alex: We recommend that you take the clues in this category in their proper order.)
    $100 26
the Andes

Gordon
    $100 17
The Lion King

Gordon
    $100 10
molasses

Madeleine
    $100 16
Oxford

Madeleine
    $100 6
(Madeleine: What's a cat?)

a terrier (dog)

GordonMadeleine
    $100 1
first aid

Gordon
    $200 27
seismologists

Madeleine
    $200 18
Pulp Fiction

Madeleine
    $200 11
sake

Gordon
    $200 22
(Alexander) Fleming

Gordon
    $200 7
(Jonathan) Swift

John
    $200 2
(Madeleine: What is the minute hand?)

the second hand

MadeleineJohn
    $300 28
a glacier

Gordon
    $300 19
Jessica Lange

Gordon
    $300 13
rose

Gordon
    $300 23
Adam Smith

Gordon
    $300 8
Blarney

Gordon
    $300 3
the third degree

Gordon
    $400 29
(John: What is sedimentary?)

igneous

John
Triple Stumper
    $400 20
American Express cards

Madeleine
    $400 14
Roquefort

Madeleine
    $800 24
(Alexander Graham) Bell

Gordon
    $400 9
a steeplechase

Madeleine
    $400 4
the fourth estate

John
    $500 30
a coulee

Madeleine
    $500 21
Spencer Tracy

Triple Stumper
    $500 15
risotto

Gordon
    $500 25
the University of Arkansas

Gordon
    $500 12
(Madeleine: What is the Book of [*]?)

Kells

Madeleine
    $500 5
the fifth column

Gordon

Scores at the first commercial break (after clue 15):

Gordon Madeleine John
$2,300 $1,100 $800

Scores at the end of the Jeopardy! Round:

Gordon Madeleine John
$4,900 $2,500 $400

Double Jeopardy! Round responses

ASSASSINATION ATTEMPTS
CLASSICAL MUSIC
BLACK AMERICANS
U.S. STATES
PSEUDONYMS
THE QUEEN'S ENGLISH
    $200 7
(Gordon: Who is Corazon Aquino?)

Imelda Marcos

GordonMadeleine
    $200 2
The Messiah

Madeleine
    $200 22
Stevie Wonder

Gordon
    $200 1
Oklahoma

Madeleine
    $200 19
(George) Orwell

John
    $200 9
a "lah-bor-a-tory"

Madeleine
    $400 14
(Madeleine: Who is Pope John Paul II?)

Paul VI

MadeleineJohn
    $400 3
Mozart

John
    $400 30
George Washington Carver

Gordon
    $400 4
South Carolina

Madeleine
    $400 20
Carlos (the Jackal)

John
    $400 10
an electrical cord

Madeleine
    $600 16
(Madeleine: Who is Arthur?)
(John: Who is Roosevelt?)
(Alex: Be more specific.)

Theodore Roosevelt

MadeleineJohn
    $600 5
The Four Seasons

John
    $600 29
(Madeleine: Who is Toni Morrison?)

Maya Angelou

GordonMadeleine
    $600 15
Maine

Gordon
    $600 23
Dear Abby

Gordon
    $600 11
a pub

Madeleine
    $800 17
Makarios

John
    $800 6
Rimsky-Korsakov

Gordon
    $800 28
Shirley Chisholm

John
    $800 21
Connecticut

Madeleine
    $800 24
the Brontes

Gordon
    $800 12
ER

John
    $1000 18
Pinochet

Gordon
    $1,000 8
(Madeleine: Who is Brahms?)

Felix Mendelssohn

Madeleine
    $1000 27
Vernon Jordan

John
    $1000 26
Wyoming

John
    $1,000 25
(Gordon: Who is... Edith Wharton?)
...
(Alex: We've got less than a minute to go, Gordon.)

Dorothy Parker

Gordon
    $1000 13
(Gordon: What's an [**]?)
(Alex: No. Oh, yes, we'll accept that. [*] is what we were going for.)

*a chemist (**apothecary)

Gordon

Scores at the end of the Double Jeopardy! Round:

Gordon Madeleine John
$9,700 $2,900 $7,400

[wagering suggestions for these scores]

Final Jeopardy! Round responses

FLOWERS
MadeleineWhat is lavendar?
$900
JohnWhat is the aroma?
$7,300
GordonWhat is rose?
$5,105
lavender

Final scores:

Gordon Madeleine John
$4,595 $3,800 $100
4-day champion: $44,895 2nd place: Broyhill Fontana living room set & Sanyo 31" stereo TV + Jeopardy! home game + electronic game 3rd place: Robert H. Peterson Co. fireplace accessories + Jeopardy! home game + electronic game

Game dynamics:

Coryat scores:

Gordon Madeleine John
$10,300 $3,900 $7,400
25 R
(including 1 DD),
2 W
(including 1 DD)
17 R,
6 W
(including 1 DD)
14 R,
1 W

Combined Coryat: $21,600

[game clues] [game scores] [suggest correction]

Game tape date: Unknown
The J! Archive is created by fans, for fans. Scraping, republication, monetization, and malicious use prohibited; this site may use cookies and collect identifying information. See terms. The Jeopardy! game show and all elements thereof, including but not limited to copyright and trademark thereto, are the property of Jeopardy Productions, Inc. and are protected under law. This website is not affiliated with, sponsored by, or operated by Jeopardy Productions, Inc. Join the discussion at JBoard.tv.